Normal view
MARC view
- Grady, Jeffrey O.
Entry Personal Name
001 - CONTROL NUMBER
- control field: 2872
003 - CONTROL NUMBER IDENTIFIER
- control field: NUST
005 - DATE AND TIME OF LATEST TRANSACTION
- control field: 20170620104227.0
008 - FIXED-LENGTH DATA ELEMENTS
- fixed length control field: 170620|| aca||aabn | a|a d
040 ## - CATALOGING SOURCE
- Original cataloging agency: NUST
- Transcribing agency: NUST
100 ## - HEADING--PERSONAL NAME
- Personal name: Grady, Jeffrey O.
670 ## - SOURCE DATA FOUND
- Source citation: Work cat.: (NUST)23746: Grady, Jeffrey O., System integration /, c.1994.
